| 000 | 00713nam a22002292 4500 | ||
|---|---|---|---|
| 001 | 0000018529 | ||
| 005 | 20151217145904.0 | ||
| 008 | 100208s xx 000 0 eng d | ||
| 020 | _a0195727215 : | ||
| 040 |
_aKABU _cKABU |
||
| 100 | 1 |
_aKibwana Kivutha. _@0000153442 |
|
| 245 | 1 | 0 |
_aFundamental rights and freedoms in Kenya / _cKivutha Kibwana. |
| 250 | _a1st ed. | ||
| 260 |
_aNairobi : _bO. U. P., _c1990. |
||
| 300 | _aix, 95 p. | ||
| 650 | 0 |
_aCivil rights _zKenya. _@0000177830 |
|
| 650 | 0 |
_aHuman rights _zKenya. _@0000177831 |
|
| 852 | 1 | _9p350 KSH | |
| 852 | 1 | _9p350 KSH | |
| 908 | _a100208 | ||
| 950 | _@1 | ||
| 999 |
_c3762 _d3762 |
||